Los árabes en el mundo moderno: su política y sus problemas desde 1967

Պահպանված է:
Մատենագիտական մանրամասներ
Հիմնական հեղինակ: Ajami, Fouad (Հեղինակ)
Ձևաչափ: Գիրք
Լեզու:իսպաներեն
Հրապարակվել է: Ciudad de México Fondo de Cultura Económica 1983
Շարք:Colección Popular, 246
Խորագրեր:
Ցուցիչներ: Ավելացրեք ցուցիչ
Չկան պիտակներ, Եղեք առաջինը, ով նշում է այս գրառումը!

MARC

LEADER 00000nam a2200000 a 4500
001 UCO2251
003 CL-VaPUC
008 000602e19830000MX |||||||||||||||||spa|d
082 0 4 |a 953.053  |b AJA  |2 21 
100 0 |a Ajami, Fouad  |e author  |9 445235 
245 1 4 |a Los árabes en el mundo moderno: su política y sus problemas desde 1967 
300 |a 377 p 
942 |c BK 
945 |d 20000602 00:00:00  |a rherrera 
260 |a Ciudad de México  |b Fondo de Cultura Económica  |c 1983 
650 7 |a HISTORIA DE ARABIA SIGLO 20  |2 CL-VaPUC  |9 445236 
650 0 |a Árabes  |9 316264 
650 0 |a Islamismo  |9 314084 
651 0 |a Egipto   |9 268199 
583 |a last modification  |c 20160912 04:27:59  |k Rodrigo Vera 
490 0 |a Colección Popular, 246 
999 |c 288788  |d 288786 
952 |0 0  |1 0  |4 0  |6 953_053000000000000_AJA_1983  |7 0  |8 A  |9 336709  |a BIBHIS  |b BIBHIS  |d 2019-11-20  |i 1284061  |o 953.053 AJA 1983  |p 1284061  |r 2025-01-20  |w 2019-11-20  |y BK  |k HIS